Técnicas de evaluación de impacto/César Pérez López e Ignacio Moral Arce (Registro nro. 18776)

Detalles MARC
000 -LEADER
fixed length control field 00537nam a22001811a 4500
001 - CONTROL NUMBER
control field 18776
003 - CONTROL NUMBER IDENTIFIER
control field OSt
005 - DATE AND TIME OF LATEST TRANSACTION
control field 20260204212421.0
008 - FIXED-LENGTH DATA ELEMENTS--GENERAL INFORMATION
fixed length control field 180901s2015||||spa||||||b||||||||||spa||
020 ## - NUMERO DE LIBRO INTERNACIONAL NORMALIZADO
International Standard Book Number 9788416228362
082 ## - DEWEY DECIMAL CLASSIFICATION NUMBER
Classification number 353.9 P438t
100 ## - ASIENTO PRINCIPAL -- NOMBRE PERSONAL
Personal name Pérez López, César
245 ## - TÍTULO PROPIAMENTE DICHO: SUBTÍTULO
Title Técnicas de evaluación de impacto/César Pérez López e Ignacio Moral Arce
264 ## - PRODUCTION, PUBLICATION, DISTRIBUTION, MANUFACTURE, AND COPYRIGHT NOTICE
Place of production, publication, distribution, manufacture Madrid:Ibergarceta
300 ## - PHYSICAL DESCRIPTION
Extensión 574 p.
650 ## - ASIENTO SECUNDARIO DE MATERIA -- TERMINO TEMÁTICO
Termino Temático Como Elemento de Entrada Administración de la seguridad 2.Técnicas de evaluación 3.Medio ambienteÌ
942 ## - ADDED ENTRY ELEMENTS (KOHA)
Source of classification or shelving scheme Dewey Decimal Classification
Koha item type Libros
Existencias
Withdrawn status Lost status Source of classification or shelving scheme Damaged status Not for loan Current library Date acquired Total Checkouts Full call number Barcode Date last seen Price effective from Koha item type
    Dewey Decimal Classification     Biblioteca UTECO 09/09/2019   353.9 P438T 018206 09/09/2019 09/09/2019 Libros
    Dewey Decimal Classification     Biblioteca UTECO 09/09/2019   353.9 P438T 018207 09/09/2019 09/09/2019 Libros
    Dewey Decimal Classification     Biblioteca UTECO 09/09/2019   353.9 P438T 018208 09/09/2019 09/09/2019 Libros
© 2021 Derechos Reservados UTECO - Teléfono: +1 809-585-2291 - Correo electrónico: biblioteca@uteco.edu.do​  
Código postal 43000 ​​
Dirección: Avenida Universitaria No. 100, 
Cotuí, Provincia Sánchez Ramírez, República Dominicana - RNC: 404-00059-6